<?xml version="1.0" encoding="UTF-8"?>
<record
    xmlns:xsi="http://www.w3.org/2001/XMLSchema-instance"
    xsi:schemaLocation="http://www.loc.gov/MARC21/slim http://www.loc.gov/standards/marcxml/schema/MARC21slim.xsd"
    xmlns="http://www.loc.gov/MARC21/slim">

  <leader>00773nam a22001577a 4500</leader>
  <controlfield tag="003">OSt</controlfield>
  <controlfield tag="005">20161104105355.0</controlfield>
  <controlfield tag="008">161104b        xxu||||| |||| 00| 0 eng d</controlfield>
  <datafield tag="040" ind1=" " ind2=" ">
    <subfield code="c">RUA</subfield>
  </datafield>
  <datafield tag="082" ind1=" " ind2=" ">
    <subfield code="a">AGR HEA 2015 B520 Or.1</subfield>
  </datafield>
  <datafield tag="100" ind1=" " ind2=" ">
    <subfield code="9">11151</subfield>
    <subfield code="a">HEAN SAMOEUN; &#x17A0;&#x17CA;&#x17B6;&#x1793; &#x179F;&#x17B6;&#x1798;&#x17BF;&#x1793;</subfield>
  </datafield>
  <datafield tag="245" ind1=" " ind2=" ">
    <subfield code="a">Effect of biochar with compost on green mustard under comdition of the royal university of agriculture; &#x17A5;&#x1791;&#x17D2;&#x1792;&#x17B7;&#x1796;&#x179B;&#x1793;&#x17C3;&#x1792;&#x17D2;&#x1799;&#x17BC;&#x1784;&#x17A2;&#x1784;&#x17D2;&#x1780;&#x17B6;&#x1798;&#x179B;&#x17B6;&#x1799;&#x1787;&#x17B6;&#x1798;&#x17BD;&#x1799;&#x1780;&#x17C6;&#x1794;&#x17C9;&#x17BB;&#x179F;&#x17D2;&#x178A;&#x17B7;&#x17CF;&#x179B;&#x17BE;&#x178A;&#x17C6;&#x178E;&#x17B6;&#x17C6;&#x179F;&#x17D2;&#x1796;&#x17C3;&#x1781;&#x17C0;&#x179C;&#x1780;&#x17D2;&#x1793;&#x17BB;&#x1784;&#x179B;&#x1780;&#x17D2;&#x1781;&#x1781;&#x178E;&#x17D2;&#x178C;&#x179F;&#x17B6;&#x1780;&#x179B;&#x179C;&#x17B7;&#x1791;&#x17D2;&#x1799;&#x17B6;&#x179B;&#x17D0;&#x1799;&#x1797;&#x17BC;&#x1798;&#x17B7;&#x1793;&#x17D2;&#x1791;&#x1780;&#x179F;&#x17B7;&#x1780;&#x1798;&#x17D2;&#x1798;</subfield>
  </datafield>
  <datafield tag="260" ind1=" " ind2=" ">
    <subfield code="a">Phnom Penh</subfield>
    <subfield code="b">HEA</subfield>
    <subfield code="c">2015</subfield>
  </datafield>
  <datafield tag="300" ind1=" " ind2=" ">
    <subfield code="a">x;31p.</subfield>
    <subfield code="b">ill.</subfield>
    <subfield code="c">29c.</subfield>
  </datafield>
  <datafield tag="942" ind1=" " ind2=" ">
    <subfield code="2">ddc</subfield>
    <subfield code="c">AGR</subfield>
  </datafield>
  <datafield tag="999" ind1=" " ind2=" ">
    <subfield code="c">10724</subfield>
    <subfield code="d">10724</subfield>
  </datafield>
  <datafield tag="952" ind1=" " ind2=" ">
    <subfield code="0">0</subfield>
    <subfield code="1">0</subfield>
    <subfield code="2">ddc</subfield>
    <subfield code="4">0</subfield>
    <subfield code="6">AGR_HEA_2015_000000000000000_B520_OR_1</subfield>
    <subfield code="7">0</subfield>
    <subfield code="9">55866</subfield>
    <subfield code="a">LBB</subfield>
    <subfield code="b">LBB</subfield>
    <subfield code="c">B520</subfield>
    <subfield code="d">2016-11-04</subfield>
    <subfield code="o">AGR HEA 2015 B520 Or.1</subfield>
    <subfield code="p">A03268</subfield>
    <subfield code="r">2016-11-04</subfield>
    <subfield code="w">2016-11-04</subfield>
    <subfield code="y">AGR</subfield>
  </datafield>
  <datafield tag="952" ind1=" " ind2=" ">
    <subfield code="0">0</subfield>
    <subfield code="1">0</subfield>
    <subfield code="2">ddc</subfield>
    <subfield code="4">0</subfield>
    <subfield code="6">AGR_HEA_2015_000000000000000_B520_OR_2</subfield>
    <subfield code="7">0</subfield>
    <subfield code="9">55867</subfield>
    <subfield code="a">LBB</subfield>
    <subfield code="b">LBB</subfield>
    <subfield code="c">B520</subfield>
    <subfield code="d">2016-11-04</subfield>
    <subfield code="o">AGR HEA 2015 B520 Or.2</subfield>
    <subfield code="p">A00621</subfield>
    <subfield code="r">2016-11-04</subfield>
    <subfield code="w">2016-11-04</subfield>
    <subfield code="y">AGR</subfield>
  </datafield>
  <datafield tag="952" ind1=" " ind2=" ">
    <subfield code="0">0</subfield>
    <subfield code="1">0</subfield>
    <subfield code="2">ddc</subfield>
    <subfield code="4">0</subfield>
    <subfield code="6">AGR_HEA_2015_000000000000000_B520_OR_3</subfield>
    <subfield code="7">0</subfield>
    <subfield code="9">55868</subfield>
    <subfield code="a">LBB</subfield>
    <subfield code="b">LBB</subfield>
    <subfield code="c">B520</subfield>
    <subfield code="d">2016-11-04</subfield>
    <subfield code="o">AGR HEA 2015 B520 Or.3</subfield>
    <subfield code="p">A00561</subfield>
    <subfield code="r">2016-11-04</subfield>
    <subfield code="w">2016-11-04</subfield>
    <subfield code="y">AGR</subfield>
  </datafield>
  <datafield tag="952" ind1=" " ind2=" ">
    <subfield code="0">0</subfield>
    <subfield code="1">0</subfield>
    <subfield code="2">ddc</subfield>
    <subfield code="4">0</subfield>
    <subfield code="6">AGR_HEA_2015_000000000000000_B520_OR_4</subfield>
    <subfield code="7">0</subfield>
    <subfield code="9">55869</subfield>
    <subfield code="a">LBB</subfield>
    <subfield code="b">LBB</subfield>
    <subfield code="c">B520</subfield>
    <subfield code="d">2016-11-04</subfield>
    <subfield code="o">AGR HEA 2015 B520 Or.4</subfield>
    <subfield code="p">A00740</subfield>
    <subfield code="r">2016-11-04</subfield>
    <subfield code="w">2016-11-04</subfield>
    <subfield code="y">AGR</subfield>
  </datafield>
  <datafield tag="952" ind1=" " ind2=" ">
    <subfield code="0">0</subfield>
    <subfield code="1">0</subfield>
    <subfield code="2">ddc</subfield>
    <subfield code="4">0</subfield>
    <subfield code="6">AGR_HEA_2015_000000000000000_B520_OR_5</subfield>
    <subfield code="7">0</subfield>
    <subfield code="9">55870</subfield>
    <subfield code="a">LBB</subfield>
    <subfield code="b">LBB</subfield>
    <subfield code="c">B520</subfield>
    <subfield code="d">2016-11-04</subfield>
    <subfield code="o">AGR HEA 2015 B520 Or.5</subfield>
    <subfield code="p">A00483</subfield>
    <subfield code="r">2016-11-04</subfield>
    <subfield code="w">2016-11-04</subfield>
    <subfield code="y">AGR</subfield>
  </datafield>
  <datafield tag="952" ind1=" " ind2=" ">
    <subfield code="0">0</subfield>
    <subfield code="1">0</subfield>
    <subfield code="2">ddc</subfield>
    <subfield code="4">0</subfield>
    <subfield code="6">AGR_HEA_2015_000000000000000_B520_OR_6</subfield>
    <subfield code="7">0</subfield>
    <subfield code="9">55871</subfield>
    <subfield code="a">LBB</subfield>
    <subfield code="b">LBB</subfield>
    <subfield code="c">B520</subfield>
    <subfield code="d">2016-11-04</subfield>
    <subfield code="o">AGR HEA 2015 B520 Or.6</subfield>
    <subfield code="p">A02555</subfield>
    <subfield code="r">2016-11-04</subfield>
    <subfield code="w">2016-11-04</subfield>
    <subfield code="y">AGR</subfield>
  </datafield>
  <datafield tag="952" ind1=" " ind2=" ">
    <subfield code="0">0</subfield>
    <subfield code="1">0</subfield>
    <subfield code="2">ddc</subfield>
    <subfield code="4">0</subfield>
    <subfield code="6">AGR_HEA_2015_000000000000000_B520_OR_7</subfield>
    <subfield code="7">0</subfield>
    <subfield code="9">55872</subfield>
    <subfield code="a">LBB</subfield>
    <subfield code="b">LBB</subfield>
    <subfield code="c">B520</subfield>
    <subfield code="d">2016-11-04</subfield>
    <subfield code="o">AGR HEA 2015 B520 Or.7</subfield>
    <subfield code="p">A01877</subfield>
    <subfield code="r">2016-11-04</subfield>
    <subfield code="w">2016-11-04</subfield>
    <subfield code="y">AGR</subfield>
  </datafield>
</record>
